[Event "Barcelona Ideal Clave op 21st"]
[Site "Barcelona"]
[Date "2017.10.28"]
[Round "4"]
[White "Ezquerra de la Fuente, Carles"]
[Black "Franzoni Ladron, De Guevara Enric"]
[Result "0-1"]
[WhiteElo "1607"]
[BlackElo "1805"]
[PlyCount "58"]
[EventDate "2017.09.30"]
[EventType "swiss"]
[EventRounds "8"]
[EventCountry "ESP"]
[SourceTitle "CBM 181 Extra"]
[Source "ChessBase"]
[SourceDate "2017.12.12"]
[SourceVersion "1"]
[SourceVersionDate "2017.12.12"]
[SourceQuality "1"]

1. d4 Nf6 2. c4 g6 3. Nc3 Bg7 4. e4 d6 5. Nf3 0-0 6. Be2 e5 7. d5 a5 8. 0-0 Na6 9. Be3 Ng4 10. Bg5 f6 11. Bd2 Nc5 12. Ne1 f5 13. f3 Nh6 14. Nd3 Nxd3 15. Bxd3 f4 16. a3 Bd7 17. b4 b6 18. Bc2 axb4 19. axb4 Qg5 20. Kh1 Qh5 21. Ba4 Ng4 22. fxg4 Bxg4 23. Qe1 g5 24. Ra2 f3 25. Kg1 fxg2 26. Rf2 Rxf2 27. Qxf2 Rf8 28. Qxg2 Bh3 29. Qe2 Qxe2 0-1

[Event "Barcelona Sant Marti op-B 19th"]
[Site "Barcelona"]
[Date "2017.07.20"]
[Round "8"]
[White "Vives Cabau, Jordi"]
[Black "Franzoni Ladron, De Guevara Enric"]
[Result "1-0"]
[WhiteElo "1930"]
[BlackElo "1764"]
[PlyCount "81"]
[EventDate "2017.07.13"]
[EventType "swiss"]
[EventRounds "9"]
[EventCountry "ESP"]
[SourceTitle "EXT 2018"]
[Source "ChessBase"]
[SourceDate "2017.10.13"]
[SourceVersion "1"]
[SourceVersionDate "2017.10.13"]
[SourceQuality "1"]

1. e4 c5 2. c3 g6 3. d4 cxd4 4. cxd4 Bg7 5. Bc4 Nc6 6. Ne2 e6 7. Nbc3 Nge7 8. d5 Na5 9. Bd3 exd5 10. exd5 b6 11. 0-0 d6 12. Bg5 0-0 13. b4 Nb7 14. Ba6 f6 15. Bf4 g5 16. Bd2 Ng6 17. f4 Rf7 18. fxg5 Ne5 19. gxf6 Bxf6 20. Qb3 Na5 21. bxa5 Bxa6 22. axb6 Rb8 23. Rf5 Rxb6 24. Qd1 Bd3 25. Rf2 Nc4 26. Nf4 Bd4 27. Nxd3 Kh8 28. Ne2 Bxf2+ 29. Nxf2 Nxd2 30. Qxd2 Rxf2 31. Kxf2 Qf6+ 32. Qf4 Qe7 33. Rc1 Rb8 34. Qd4+ Kg8 35. Qg4+ Kh8 36. Rc8+ Rxc8 37. Qxc8+ Kg7 38. Qg4+ Kh8 39. Qf4 Kg7 40. Nd4 Kh8 41. Ne6 1-0

[Event "Barcelona Sant Marti op-B 19th"]
[Site "Barcelona"]
[Date "2017.07.19"]
[Round "7"]
[White "Sagar, Siya"]
[Black "Franzoni Ladron, De Guevara Enric"]
[Result "0-1"]
[WhiteElo "1608"]
[BlackElo "1764"]
[PlyCount "88"]
[EventDate "2017.07.13"]
[EventType "swiss"]
[EventRounds "9"]
[EventCountry "ESP"]
[SourceTitle "EXT 2018"]
[Source "ChessBase"]
[SourceDate "2017.10.13"]
[SourceVersion "1"]
[SourceVersionDate "2017.10.13"]
[SourceQuality "1"]

1. e4 c5 2. Nf3 d6 3. d4 cxd4 4. Nxd4 Nf6 5. Nc3 a6 6. f3 e5 7. Nb3 Be6 8. Be3 Be7 9. Qd2 Qc7 10. 0-0-0 Nbd7 11. Be2 0-0 12. g4 b5 13. g5 b4 14. Nd5 Nxd5 15. exd5 Bf5 16. h4 a5 17. Bd3 Bxd3 18. Qxd3 a4 19. Nd2 Rfc8 20. h5 Bxg5 21. Bxg5 Nc5 22. Qc4 b3 23. Kb1 Qb7 24. c3 a3 25. Nxb3 Ra4 26. Qe2 Nxb3 27. axb3 Qxb3 28. Rc1 Rca8 29. Qc2 Qxd5 30. Rhd1 Qb7 31. Rxd6 f6 32. Bh4 axb2 33. Qxb2 Ra1+ 34. Kc2 R1a2 35. Qxa2+ Rxa2+ 36. Kd3 Qxf3+ 37. Kc4 Qf4+ 38. Kc5 Qxc1 39. Rd8+ Kf7 40. Rd7+ Ke8 41. Rxg7 Qxc3+ 42. Kd5 Ra5+ 43. Ke6 Ra6+ 44. Kd5 Qc6# 0-1

[Event "Barcelona Sant Marti op-B 19th"]
[Site "Barcelona"]
[Date "2017.07.14"]
[Round "2"]
[White "Fabregas Fontanet, Antonio"]
[Black "Franzoni Ladron, De Guevara Enric"]
[Result "1-0"]
[WhiteElo "1903"]
[BlackElo "1764"]
[PlyCount "89"]
[EventDate "2017.07.13"]
[EventType "swiss"]
[EventRounds "9"]
[EventCountry "ESP"]
[SourceTitle "EXT 2018"]
[Source "ChessBase"]
[SourceDate "2017.10.13"]
[SourceVersion "1"]
[SourceVersionDate "2017.10.13"]
[SourceQuality "1"]

1. e4 c5 2. Nf3 d6 3. d4 cxd4 4. Nxd4 Nf6 5. Nc3 a6 6. Be2 e5 7. Nb3 Be6 8. f4 Qc7 9. Be3 Be7 10. 0-0 Nbd7 11. Nd2 exf4 12. Bxf4 Ne5 13. Nf3 0-0 14. Nd4 Bd7 15. Bg5 Qc5 16. Kh1 h6 17. Bxf6 Bxf6 18. Nd5 Bg5 19. b4 Qa7 20. Nf5 Bxf5 21. Rxf5 g6 22. Rf1 Rad8 23. a4 b6 24. Qd4 Rb8 25. a5 Nc6 26. Qf2 b5 27. Qg3 Ne5 28. h4 Bd8 29. h5 Bg5 30. Rad1 Rbd8 31. Nb6 Qc7 32. Qb3 Kg7 33. Qb2 Qe7 34. Nd5 Qe6 35. Rd3 gxh5 36. Bxh5 f6 37. Rf5 Rc8 38. Bd1 Rc4 39. Rd4 Rfc8 40. Nb6 Rxd4 41. Qxd4 Rc7 42. c3 Nc4 43. Nd5 Rc8 44. Bg4 Ne5 45. Rxg5+ 1-0

[Event "Barcelona Ideal Clave op 20th"]
[Site "Barcelona"]
[Date "2016.10.15"]
[Round "3"]
[White "Arias Aranda, Guillem"]
[Black "Franzoni Ladron, De Guevara Enric"]
[Result "0-1"]
[WhiteElo "1438"]
[BlackElo "1780"]
[PlyCount "62"]
[EventDate "2016.10.01"]
[EventType "swiss"]
[EventRounds "8"]
[EventCountry "ESP"]
[SourceTitle "EXT 2018"]
[Source "ChessBase"]
[SourceDate "2017.10.13"]
[SourceVersion "1"]
[SourceVersionDate "2017.10.13"]
[SourceQuality "1"]

1. e4 c5 2. Nf3 d6 3. d4 cxd4 4. Nxd4 Nf6 5. Nc3 a6 6. h3 e5 7. Nde2 Be6 8. g4 h6 9. Bg2 Nbd7 10. 0-0 Qc7 11. Ng3 g6 12. Nce2 Rc8 13. c3 Bg7 14. f4 0-0 15. b3 Nb6 16. f5 Bd7 17. g5 hxg5 18. Bxg5 Bc6 19. Nc1 Nh7 20. h4 Nxg5 21. hxg5 gxf5 22. Nxf5 f6 23. g6 Rfd8 24. Qh5 d5 25. Nh6+ Bxh6 26. Rxf6 Be3+ 27. Kh1 Rf8 28. g7 Rxf6 29. Qh8+ Kf7 30. Qh7 Rh6+ 31. Bh3 Rxh7 0-1

[Event "Barcelona Ideal Clave op 20th"]
[Site "Barcelona"]
[Date "2016.10.08"]
[Round "2"]
[White "Franzoni Ladron, De Guevara Enric"]
[Black "Jove Grau, Lluis"]
[Result "0-1"]
[WhiteElo "1780"]
[BlackElo "2063"]
[PlyCount "122"]
[EventDate "2016.10.01"]
[EventType "swiss"]
[EventRounds "8"]
[EventCountry "ESP"]
[SourceTitle "EXT 2018"]
[Source "ChessBase"]
[SourceDate "2017.10.13"]
[SourceVersion "1"]
[SourceVersionDate "2017.10.13"]
[SourceQuality "1"]

1. e4 e5 2. Nf3 Nc6 3. Bc4 Nf6 4. d3 Bc5 5. c3 d6 6. b4 Bb6 7. a4 a6 8. a5 Ba7 9. h3 h6 10. Qb3 Qe7 11. Na3 0-0 12. Nc2 Nd8 13. Be3 Bb8 14. 0-0 c6 15. Qa2 Ne6 16. Rfe1 Nh5 17. d4 Nef4 18. dxe5 dxe5 19. Bxf4 Nxf4 20. Ne3 Qf6 21. Ng4 Qg6 22. Nh4 Qh5 23. Nf5 Bxf5 24. exf5 Qxf5 25. Rad1 h5 26. Ne3 Qg6 27. Kh1 Ba7 28. Rd7 Kh8 29. Bxf7 Qf6 30. Red1 Qh4 31. Rxb7 Bxe3 32. fxe3 Rad8 33. Rf1 Nd5 34. Qf2 Qxf2 35. Rxf2 Nxc3 36. Rc2 Ne4 37. Kh2 Nd6 38. Rb6 Rxf7 39. Rcxc6 Ne4 40. Rxa6 h4 41. Rc4 Nd2 42. Rxh4+ Kg8 43. b5 Re7 44. Rb4 Nf1+ 45. Kg1 Nxe3 46. b6 Nd5 47. Rb2 Kf7 48. b7 Rb8 49. Ra7 Ke6 50. a6 Nc7 51. Rd2 Rf7 52. g4 e4 53. Kg2 Ke5 54. Rf2 Rxf2+ 55. Kxf2 Kf4 56. Ke2 g5 57. Kf2 e3+ 58. Ke2 Ke4 59. Ke1 Kf3 60. Kf1 e2+ 61. Ke1 Rd8 0-1